000
00344nam a2200133Ia 4500
008
100328s9999 xx 000 0 und d
082
_b
20635
100
_a
बंड श्याम
245
_a
हंसणावळ
260
_b
नेत्रा
630
_a
हंसणावळ
730
_a
हंसणावळ
942
_c
BOOK
999
_c
514733
_d
514730